Upkar`s CSIR-UGC Net/jrf/set:General Sciences (Record no. 114814)

MARC details
000 -LEADER
fixed length control field 00350nam a2200121Ia 4500
008 - FIXED-LENGTH DATA ELEMENTS--GENERAL INFORMATION
fixed length control field 211119s9999||||xx |||||||||||||| ||und||
082 ## - DEWEY DECIMAL CLASSIFICATION NUMBER
Classification number 500
Item number MIT-U
100 ## - MAIN ENTRY--PERSONAL NAME
Personal name Mittal, P C
245 #0 - TITLE STATEMENT
Title Upkar`s CSIR-UGC Net/jrf/set:General Sciences
260 ## - PUBLICATION, DISTRIBUTION, ETC.
Name of publisher, distributor, etc. Upkar Prakashan
Place of publication, distribution, etc. 2012
Date of publication, distribution, etc. Agra
650 ## - SUBJECT ADDED ENTRY--TOPICAL TERM
Topical term or geographic name entry element ScienceGeneralia
942 ## - ADDED ENTRY ELEMENTS (KOHA)
Koha item type BOOK
650 ## - SUBJECT ADDED ENTRY--TOPICAL TERM
General subdivision Post Graduate Reference
Holdings
Withdrawn status Lost status Source of classification or shelving scheme Damaged status Not for loan Home library Current library Date acquired Cost, normal purchase price Full call number Barcode Shelving location Date last seen Price effective from Koha item type Public note
    Dewey Decimal Classification     SB LIBRARY SB LIBRARY 19/11/2021 240.00 500 MIT-G 00128273 PGR-UGC COLLECTION 19/11/2021 19/11/2021 BOOK GENERAL SCIENCES

Powered by Koha